000
00290nam a2200109Ia 4500
001
588696
005
20250717120836.0
008
250717s9999 xx 000 0 und d
245
0
_a
Y-4 ATATÜRK ÜLKESİNE SIĞINANLAR
_c
AHMET ÖZGÜR TÜREN
260
_b
DESTEK YAYINLARI
_c
2019
300
_b
95
999
_c
588696
_d
588696